Responses for Show #6774 - Thursday, February 13, 2014

2014 College Championship quarterfinal game 4.

Contestants

[<< previous game]

Eric Turner, a senior from Vanderbilt University from Huntsville, Alabama

Tucker Pope, a junior from Texas A&M University from Lubbock, Texas

Julia Clark, a senior at Harvard University from Saskatoon, Saskatchewan, Canada

[next game >>]

Jeopardy! Round responses

LET'S BEGIN THE LECTURE
NAME THE CARMAKER
HISTORIC AMERICANS
CANDY CRUSH
VIDEO GAME VAULT
THE OLD COLLEGE "-TRY"
(Alex: And finally, we'll give it the old college "tree", not "try", even though it's spelled T-R-Y. )
    $200 1
(Tucker: What is the International
Monetary Foundation?)

The World Bank

JuliaTucker
    $200 6
Chevrolet

Tucker
    $200 10
Thurgood Marshall

Eric
    $200 26
candy canes

Eric
    $200 16
Star Wars

Tucker
    $200 21
(Eric: What is an application?)

entry

TuckerEric
    $400 2
identical twins

Triple Stumper
    $400 7
Hyundai

Tucker
    $400 11
(John James) Audubon

Eric
    $400 27
Reese's Pieces

Julia
    $400 17
(Julia: What are caves?)
[Initially ruled correct; reversed before Double Jeopardy!]

The Cave

Julia
Triple Stumper
    $400 22
paltry

Eric
    $600 3
JPL (Jet Propulsion Lab)

Tucker
    $600 8
BMW

Tucker
    $600 12
Ethan Allen

Eric
    $600 28
Skittles

Tucker
    $600 18
Minecraft

Eric
    $600 23
sentry

Eric
    $800 4
Randy Pausch

Tucker
    $800 9
Toyota

Julia
    $800 13
(Robert) Goddard

Tucker
    $800 29
(Tucker: What is York?)
(Alex: Be a little more specific.)
(Tucker: What are
[*]?)

York Peppermint Patties

Tucker
    $800 19
Beyond: Two Souls

Eric
    $800 24
idolatry

Tucker
    $1000 5
(Julia: What is global warming?)

population growth

Julia
Triple Stumper
    $1000 14
Audi

Tucker
    $2,015 15
(Tucker: What is New York?)

South Carolina

Tucker
    $1000 30
candy corn

Julia
    $1000 20
Mass Effect

Eric
    $1000 25
gentry

Eric

Scores at the first commercial break (after clue 15):

Julia Tucker Eric
$0 $2,185 $1,200

Scores at the end of the Jeopardy! Round:

Julia Tucker Eric
$1,000 $4,785 $5,600

Double Jeopardy! Round responses

NAME THE SHAKESPEARE PLAY
STATE GOVERNORS
THE ELEMENTS
A (TAYLOR) SWIFT CATEGORY
IN THE DICTONARY
WHAT'S YOUR RANGE?
    $400 6
The Tempest

Julia
    $400 11
Rick Perry

Tucker
    $400 1
chlorophyll

Julia
    $400 25
trouble

Tucker
    $400 16
bacterium

Triple Stumper
    $400 18
the Rockies

Triple Stumper
    $4,000 7
(Julia: What is The Comedy of Errors?)

Richard III

Julia
    $800 12
Jerry Brown

Triple Stumper
    $800 2
hydrogen

Julia
    $800 26
Taylor Lautner

Julia
    $800 17
providence

Triple Stumper
    $800 19
the Alps

Julia
    $1200 8
Othello

Julia
    $1200 13
Chris Christie

Tucker
    $2,200 3
(Alex: Yes. Uranus... discovered in 1781.)

uranium

Julia
    $1200 27
Red

Tucker
    $1200 23
umlaut

Tucker
    $1200 20
the Cascades

Eric
    $1600 9
Henry V

Triple Stumper
    $1600 14
(Eric: Who is Cuomo? Who is [*]?)

Andrew Cuomo

Eric
    $1600 4
zinc

Eric
    $1600 28
James Taylor

Julia
    $1600 24
fetching

Triple Stumper
    $1600 21
the Andes

Julia
    $2000 10
Twelfth Night

Eric
    $2000 15
Bobby Jindal

Julia
    $2000 5
(Alex: You've got it in every gallon of bleach. What is [*]?)

chlorine

Triple Stumper
    $2000 29
mean

Triple Stumper
    $2000 30
panacea

Eric
    $2000 22
(Julia: Um... what... are the Himalayas?)

the Karakoram

Julia
Triple Stumper

Scores at the end of the Double Jeopardy! Round:

Julia Tucker Eric
$6,800 $9,185 $14,000

Final Jeopardy! Round responses

HISTORIC PLACES
JuliaWhat is Arlington National Cemetery?
$6,799
TuckerWhat is Arlington National Cemetery?
$2,185
EricWhat is Arlington Cemetery?
$1
Arlington National Cemetery

Final scores:

Julia Tucker Eric
$13,599 $11,370 $14,001
2nd place: $5,000 if eliminated 3rd place: $5,000 if eliminated Automatic semifinalist

Game dynamics:

Coryat scores:

Julia Tucker Eric
$9,800 $11,200 $14,000
14 R
(including 1 DD),
4 W
(including 1 DD)
17 R,
2 W
(including 1 DD)
15 R,
1 W

Combined Coryat: $35,000

[game clues] [game scores] [suggest correction]

Game tape date: 2014-01-07
The J! Archive is created by fans, for fans. Scraping, republication, monetization, and malicious use prohibited; this site may use cookies and collect identifying information. See terms. The Jeopardy! game show and all elements thereof, including but not limited to copyright and trademark thereto, are the property of Jeopardy Productions, Inc. and are protected under law. This website is not affiliated with, sponsored by, or operated by Jeopardy Productions, Inc. Join the discussion at JBoard.tv.